00329nam a2200121Ia 4500008004100000041000800041082001400049100002100063245004500084260004000129300002900169365000900198240624s9999 xx 000 0 und d aeng a006.3 PEN aPENDHARKAR PARAG aMANAGING DATA MINING TECHNOLOGIES IN ORG c2003aLondonbIdea Group Publishing ax, : 288 : p. : cm. ; 26 cb30